01286nam a2200277 a 4500001001000000003000900010005001700019007000300036008004100039040002500080082002500105100005000130245010900180260004100289300003600330500005700366590002700423600004400450650004500494910003700539942001400576952012000590952012600710952015500836999001700991000026601DO-SdBNP20240927073748.0ta110323s2000 dr ac 000 0 spa d aDO-SdBNPbspacBNPHU 4a923.17293bB171A2221 aAndúnjar Carbonell, Sócrated1954-95370610aJoaquín Balaguer :b... el gobernante ... un hombre para estas horas /cSócrate Andújar Carbonell. aSanto Domingo :bImpresora Conadex,. a262 p. :bil., retrs. ;c21 cm. aIncluye datos biográficos del autor en las solapas aInventariado, 2019/MFF10a Balaguer, Joaquín,d1906-200297655614aPresidenteszRepública Dominicana9599 aValidado. Control de calidad MFF 2ddccLBS1 00102ddc51708PDaBNPHUbPDcHDd2011-03-23l0oBNPHU PD 923.17293 B171Ap26601-10r2020-06-25w2020-06-25yLFPD 00102ddc51708PDaBNPHUbPDcHDd2013-06-21l0oBNPHU PD 923.17293 B171Ap26601-20r2020-06-25te. 2w2020-06-25yLFPD 00102ddc56708DSaBNPHUbDOcHDd2013-06-21eDonado / Flia. Reyes Dulucl0oBNPHU DS 923.17293 B171Ap2020-0212r2020-10-22te. 3w2020-06-25yLFDS c26093d26093